Statistics for Bollards of (street view) Asia & Oceania

Click here to take the quiz!

General Stats

  • This quiz has been taken 18 times
  • The average score is 23 of 170

Answer Stats

Answer% Correct
Russia
100%
Cambodia
83%
Cambodia
67%
Cambodia
67%
Cambodia
67%
Japan
67%
New Zealand
67%
Australia
50%
Australia
50%
Bangladesh
50%
Hong Kong
50%
Indonesia
50%
Mongolia
50%
Russia
50%
Russia
50%
Russia
50%
South Korea
50%
Taiwan
50%
Australia
33%
Australia
33%
Australia
33%
Australia
33%
Australia
33%
Australia
33%
Bhutan
33%
Cambodia
33%
Christmas Island
33%
India
33%
India
33%
Indonesia
33%
Indonesia
33%
Malaysia
33%
South Korea
33%
Turkey
33%
Australia
17%
Australia
17%
Australia
17%
Australia
17%
Australia
17%
Australia
17%
Australia
17%
Australia
17%
Bangladesh
17%
Bhutan
17%
Cambodia
17%
Cambodia
17%
Christmas Island
17%
India
17%
India
17%
Indonesia
17%
Indonesia
17%
Japan
17%
Japan
17%
Japan
17%
Japan
17%
Japan
17%
Japan
17%
Laos
17%
Malaysia
17%
Mongolia
17%
New Zealand
17%
New Zealand
17%
Philippines
17%
Russia
17%
South Korea
17%
Sri Lanka
17%
Sri Lanka
17%
Taiwan
17%
Taiwan
17%
Thailand
17%
Thailand
17%
Thailand
17%
Turkey
17%
Australia
0%
Australia
0%
Australia
0%
Australia
0%
Australia
0%
Australia
0%
Australia
0%
Australia
0%
Australia
0%
Australia
0%
Australia
0%
Australia
0%
Australia
0%
Australia
0%
Australia
0%
Australia
0%
Australia
0%
Australia
0%
Australia
0%
Australia
0%
Australia
0%
Bangladesh
0%
Bangladesh
0%
Bhutan
0%
Bhutan
0%
Bhutan
0%
Bhutan
0%
Bhutan
0%
Cambodia
0%
Cambodia
0%
Cambodia
0%
Cambodia
0%
Cocos (Keeling) Islands
0%
Hong Kong
0%
India
0%
India
0%
Indonesia
0%
Indonesia
0%
Indonesia
0%
Indonesia
0%
Indonesia
0%
Indonesia
0%
Indonesia
0%
Indonesia
0%
Israel
0%
Israel
0%
Israel
0%
Japan
0%
Japan
0%
Japan
0%
Japan
0%
Japan
0%
Japan
0%
Japan
0%
Japan
0%
Japan
0%
Jordan
0%
Kyrgyzstan
0%
Kyrgyzstan
0%
Kyrgyzstan
0%
Kyrgyzstan
0%
Kyrgyzstan
0%
Kyrgyzstan
0%
Kyrgyzstan
0%
Laos
0%
Laos
0%
Lebanon
0%
Lebanon
0%
Lebanon
0%
Malaysia
0%
Malaysia
0%
Malaysia
0%
Malaysia
0%
Malaysia
0%
Malaysia
0%
New Zealand
0%
New Zealand
0%
New Zealand
0%
New Zealand
0%
Philippines
0%
Philippines
0%
Philippines
0%
Philippines
0%
Russia
0%
Singapore
0%
Singapore
0%
Singapore
0%
South Korea
0%
South Korea
0%
South Korea
0%
South Korea
0%
Sri Lanka
0%
Thailand
0%
Thailand
0%
Turkey
0%
Turkey
0%
United Arab Emirates
0%

Score Distribution

Percentile by Number Answered

Percent of People with Each Score

Your Score History

You have not taken this quiz